00348nam a2200085Ia 4500008004100000100002700041245012400068260005800192650001200250160725s9999 xx 000 0 und d aDe Leon, Ma. Astrid M. a(2013, June). Curriculum design and development. Kaizen Research Journal Research Journal College of Nursing, 3, 45-64. bKaizen Research Journal College of NursingcJune 2013 aNURSING